LEADER 00958nam0-22003011i-450- 001 990000074610403321 035 $a000007461 035 $aFED01000007461 035 $a(Aleph)000007461FED01 035 $a000007461 100 $a20011111d--------km-y0itay50------ba 101 0 $aita 105 $ay-------001yy 200 1 $aProceedings of the third international congress on high-speed photography, London, 10-15 September, 1956$fedited by R. B.Collins. 210 $aLondon$cButterworths scientific publications$d1957 215 $aXVI, 417 p.$cill.$d25 cm 610 0 $aFotografia$aCongressi$a1956 610 0 $aCongressi$aLondra$a1956 676 $a778.7 702 1$aCollins,$bR. B. 710 12$aINTERNATIONAL CONGRESS ON HIGH-SPEED PHOTOGRAPHY, 3., Londra, 1956 801 0$aIT$bUNINA$gRICA$2UNIMARC 901 $aBK 912 $a990000074610403321 952 $a13 G 23 12$b23023$fFINBC 959 $aFINBC 997 $aUNINA DB $aING01 LEADER 01141nam0-22004091i-450- 001 990001493060403321 005 20120113113808.0 010 $a88-7545-673-9 035 $a000149306 035 $aFED01000149306 035 $a(Aleph)000149306FED01 035 $a000149306 100 $a20020408d1992----km-y0itay50------ba 101 0 $aita 102 $aIT 105 $aa---a---001yy 200 1 $aPaleontologia generale e sistematica degli invertebrati$fAndrea Allasinaz 205 $a2. ed. 210 $aGenova$cEcig$dc1992 215 $a674 p.$cill.$d24 cm 225 1 $aScienze 610 0 $aPaleontologia 610 0 $aInvertebrati 676 $a560$v21 700 1$aAllasinaz,$bAndrea$066467 801 0$aIT$bUNINA$gRICA$2UNIMARC 901 $aBK 912 $a990001493060403321 952 $aEDISU-560-(15$b20572$fSC1 952 $aEDISU-560-(14$b20571$fSC1 952 $aEDISU-560-(16$b20573$fSC1 952 $aEDISU-560-(18$b20575$fSC1 952 $aEDISU-560-(17$b20574$fSC1 959 $aSC1 959 $aNAP10 996 $aPaleontologia generale e sistematica degli invertebrati$984245 997 $aUNINA